00501nam a22001937a 450000500170000001000130001702000100003003500130004003700160005304000120006908200110008110000190009224500410011126000370015227000710018930000200026065000160028065000110029620170124110121.0 aA-436484 c00.00 aA-436484 bCen Lib/Ret aDPLbEN aNbSID aSidhwa, Bapsi  aThe crow eaters /cby Bapsi Sidhwa  bPenguin Books c1990aNew Delhi  bNew Delhi a72-B, himalaya house 23, kasturba gandhi marg e110001 a283p.c19cm(Hb) aLiterature  aNovel